Online
Catalog

Vuelta a casa / (Record no. 4422)

MARC details
000 -CABECERA
campo de control de longitud fija 01100nam a2200301 a 4500
001 - NÚMERO DE CONTROL
campo de control 000004614
005 - FECHA Y HORA DE LA ÚLTIMA TRANSACCIÓN
campo de control 20240412074202.0
008 - DATOS DE LONGITUD FIJA--INFORMACIÓN GENERAL
campo de control de longitud fija 090724s2006 ve 000 p spa d
020 ## - NÚMERO INTERNACIONAL ESTÁNDAR DEL LIBRO
Número Internacional Estándar del Libro 9802764329
040 ## - FUENTE DE LA CATALOGACIÓN
Centro catalogador/agencia de origen DO-SdBNP
Lengua de catalogación spa
Centro/agencia transcriptor BNPHU
082 ## - NÚMERO DE LA CLASIFICACIÓN DECIMAL DEWEY
Número de clasificación V861.44
Número de documento/Ítem P181v
049 ## - FONDOS LOCALES (OCLC)
Fondos de biblioteca BNPD
100 1# - ENTRADA PRINCIPAL--NOMBRE DE PERSONA
Nombre de persona Palomares, Ramón
Fechas asociadas al nombre 1935-
9 (RLIN) 7568
245 10 - MENCIÓN DE TÍTULO
Título Vuelta a casa /
Mención de responsabilidad, etc. Ramón Palomares ; prólogo, cronología y bibliografía Patricia Guzmán ; notas Víctor Bravo.
260 ## - PUBLICACIÓN, DISTRIBUCIÓN, ETC.
Lugar de publicación, distribución, etc. Caracas, Venezuela :
Nombre del editor, distribuidor, etc. Biblioteca Ayacucho,
Fecha de publicación, distribución, etc. 2006.
300 ## - DESCRIPCIÓN FÍSICA
Extensión 388 p. ;
Dimensiones 25 cm.
490 0# - MENCIÓN DE SERIE
Mención de serie Colección clásica
Designación de volumen o secuencia 233
500 ## - NOTA GENERAL
Nota general Incluye referencias bibliográficas y notas al pie de páginas
500 ## - NOTA GENERAL
Nota general Incluye datos biografícos del autor
504 ## - NOTA DE BIBLIOGRAFÍA, ETC.
Nota de bibliografía, etc. Bibliografía : p. 371-377
600 14 - PUNTO DE ACCESO ADICIONAL DE MATERIA--NOMBRE DE PERSONA
Nombre de persona PALOMARES, RAMÓN
Subdivisión general CRÍTICA E INTERPRETACIÓN
9 (RLIN) 13455
650 #0 - PUNTO DE ACCESO ADICIONAL DE MATERIA--TÉRMINO DE MATERIA
Término de materia o nombre geográfico como elemento de entrada Poesía dominicana
9 (RLIN) 66
650 #0 - PUNTO DE ACCESO ADICIONAL DE MATERIA--TÉRMINO DE MATERIA
Término de materia o nombre geográfico como elemento de entrada Literatura dominicana.
9 (RLIN) 67
700 12 - PUNTO DE ACCESO ADICIONAL--NOMBRE DE PERSONA
Nombre de persona Guzmán, Patricia,
Término indicativo de función/relación pról
9 (RLIN) 13456
700 12 - PUNTO DE ACCESO ADICIONAL--NOMBRE DE PERSONA
Nombre de persona Bravo, Víctor
9 (RLIN) 13457
830 #0 - PUNTO DE ACCESO ADICIONAL DE SERIE-TÍTULO UNIFORME
Título uniforme Colección clásica
Designación de volumen o secuencia 233
9 (RLIN) 13458
910 ## - DATOS DE OPCIÓN DEL USUARIO (OCLC)
Datos de opción del usuario Validado. Control de calidad MFF
Holdings
Estado de retiro Estado de pérdida Restricciones de uso No para préstamo Código de colección Localización permanente Ubicación/localización actual Ubicación en estantería Fecha de adquisición Número de inventario Total de préstamos Signatura topográfica completa Código de barras Fecha visto por última vez Precio válido a partir de Tipo de ítem Koha Número de copia
        Monografías: Libros y Folletos General General Depósito 24.07.2009 LF1   V861.44 P181v 4614-10 25.06.2020 25.06.2020 Préstamo en sala  
    Préstamo restringido Préstamo restrigido Monografías: Libros y Folletos General General En catalogación 14.01.2011 LF1   V861.44 P181v 4614-20 25.06.2020 25.06.2020 Préstamo en sala e. 2

Powered by Koha